A sangoma's story : the calling of Elliot Ndlovu (Record no. 198259)

MARC details
000 -LEADER
fixed length control field 00304nam a2200097Ia 4500
082 ## - DEWEY DECIMAL CLASSIFICATION NUMBER
Classification number 306.461092 REED
008 - FIXED-LENGTH DATA ELEMENTS--GENERAL INFORMATION
fixed length control field 210817s9999 xx 000 0 und d
100 ## - MAIN ENTRY--PERSONAL NAME
Personal name Reeder, Melanie Johannesburg, South Africa, 2011
9 (RLIN) 42613
245 #0 - TITLE STATEMENT
Title A sangoma's story : the calling of Elliot Ndlovu
942 ## - ADDED ENTRY ELEMENTS
item type Books
Holdings
Withdrawn status Lost status Damaged status Not for loan Home library Current library Date acquired Cost, normal purchase price Total Checkouts Barcode Date last seen Price effective from item type
        Funda PL (MMID-PLEMA-FUND) Funda PL (MMID-PLEMA-FUND) 18.08.2021 195.00   33228019921764 18.08.2021 18.08.2021 Books